Sustainable development : (Record no. 3105)

MARC details
000 -LEADER
fixed length control field 00879cam a2200265 a 4500
001 - CONTROL NUMBER
control field 4022685
003 - CONTROL NUMBER IDENTIFIER
control field OSt
005 - DATE AND TIME OF LATEST TRANSACTION
control field 20160229160758.0
008 - FIXED-LENGTH DATA ELEMENTS--GENERAL INFORMATION
fixed length control field 970328s1987 enka b 001 0 eng
010 ## - LIBRARY OF CONGRESS CONTROL NUMBER
LC control number 97133780
020 ## - INTERNATIONAL STANDARD BOOK NUMBER
International Standard Book Number 0415050855 (pbk.)
040 ## - CATALOGING SOURCE
Original cataloging agency DLC
Transcribing agency DLC
Modifying agency DLC
050 00 - LIBRARY OF CONGRESS CALL NUMBER
Classification number HD75.6
Item number .R43 1987b
082 ## - DEWEY DECIMAL CLASSIFICATION NUMBER
Classification number 338.9
Item number RED 1987
100 1# - MAIN ENTRY--PERSONAL NAME
Personal name Redclift, M. R.
9 (RLIN) 1623
245 10 - TITLE STATEMENT
Title Sustainable development :
Remainder of title exploring the contradictions /
Statement of responsibility, etc. Michael Redclift.
260 ## - PUBLICATION, DISTRIBUTION, ETC. (IMPRINT)
Place of publication, distribution, etc. London ;
-- New York :
Name of publisher, distributor, etc. Routledge,
Date of publication, distribution, etc. 1987.
300 ## - PHYSICAL DESCRIPTION
Extent 221 p. :
Other physical details ill. ;
Dimensions 22 cm.
504 ## - BIBLIOGRAPHY, ETC. NOTE
Bibliography, etc Includes bibliographical references (p. [205]-217) and index.
650 #0 - SUBJECT ADDED ENTRY--TOPICAL TERM
Topical term or geographic name as entry element Economic development
General subdivision Environmental aspects.
9 (RLIN) 1104
650 #0 - SUBJECT ADDED ENTRY--TOPICAL TERM
Topical term or geographic name as entry element Environmental policy.
9 (RLIN) 1624
650 #0 - SUBJECT ADDED ENTRY--TOPICAL TERM
Topical term or geographic name as entry element Sustainable development.
9 (RLIN) 1103
906 ## - LOCAL DATA ELEMENT F, LDF (RLIN)
a 7
b cbc
c orignew
d u
e ncip
f 19
g y-gencatlg
942 ## - ADDED ENTRY ELEMENTS (KOHA)
Source of classification or shelving scheme Dewey Decimal Classification
Koha item type Short Loan
Holdings
Withdrawn status Lost status Source of classification or shelving scheme Damaged status Not for loan Home library Current library Date acquired Inventory number Total Checkouts Full call number Barcode Date last seen Price effective from Koha item type
    Dewey Decimal Classification     MUST Main Library MUST Main Library 29/02/2016 2003/19452   338.9 RED 1987 2016-0259 29/02/2016 29/02/2016 Short Loan
    Dewey Decimal Classification     MUST Main Library MUST Main Library 29/02/2016 2002/16838   338.9 RED 1987 2016-0267 29/02/2016 29/02/2016 Short Loan